000 00683nam a2200205 4500
001 85658
003 BD-RjUL
005 20250908111509.0
008 250908s1961 pk ||||| |||| 00| 0 urd d
035 _a(BD-RjUL)85658
040 _aBD-RjUL
_beng
_cBD-RjUL
041 _aurd
082 _223
_a297.092
_bBAM 1962
100 _aبریلویتبہ، عبادت ;; barilvetabah, abadat
_916809
245 _aمومن اور مطالعہ مومن / Momin aur mut̤ālaʿah-i Momin /
_c عبادت بریلویتبہ, ;; ʿIbādat Barelwī /
260 _aKarachi :
_bUrdu Dunya,
_c1961
300 _a518 p. ;
_c18 cm
650 _aIslam[ mulims]
_vBiography
_916810
942 _2ddc
_cBK
999 _c85658
_d85658